000 00611nam a2200169 i 4500
001 133793
003 ES-MaACL
005 20230906194531.0
007 t|
008 070829s1917 xxk ||||1| eng d
100 1 _aWorkman, Fanny Bullock.
_9117369
245 1 0 _aTwo summers in the ice-wilds of Eastern Karakoram
_b: the exploration of nineteen hundred square miles of mountain and glacier /
_cby Fanny Bullock Workman and William Hunter Workman.
260 _aLondon :
_bT. Fisher Unwin,
_c[1917]
300 _a296 p. ;
_c23 cm.
700 1 _aWorkman, William Hunter.
_9117371
852 _aES-MaACL
_jC-1458
999 _c133793
_d133793